| 000 | 03644nam a2200349 a 4500 | ||
|---|---|---|---|
| 003 | OSt | ||
| 005 | 20241004113532.0 | ||
| 007 | cr ||||||a|c|a | ||
| 008 | 240801s2021 mx a|||fom||| 001 0 spa d | ||
| 040 | _erda | ||
| 100 | 1 |
_aSánchez Sánchez, Zaira Sarahi _9189333 |
|
| 245 | 1 | 0 |
_aComposición química de cuatro gramíneas forrajeras del Estado de Jalisco / _cpor Zaira Sarahi Sánchez Sánchez; director de tesis Sergio Ibán Mendoza Pedroza; secretario Eliseo Sosa Montes; vocal Jacinto Efrén Ramírez Bribiesca; suplente Fernando González Cerón; suplente Jose Melquiades Monzón Armenta. |
| 264 | 1 |
_aChapingo, México : _bEl autor, _c2021. |
|
| 300 |
_a1 recurso en línea (47 páginas): _bcuadros, figuras. |
||
| 336 |
_2rdacontent _atexto _btxt |
||
| 337 |
_2rdamedia _acomputadora _bc |
||
| 338 |
_2rdacarrier _arecurso en línea _bcr |
||
| 502 |
_bIAEZ _cZootecnía _d2021. _gLIC |
||
| 504 | _aIncluye referencias bibliográficas: páginas 34-37. | ||
| 520 | _aLa alimentación constituye un 70% de los costos de producción, en el trópico mexicano la ganadería está basada en sistemas de producción extensivos, donde la mayor parte de la alimentación es obtenida a partir de los forrajes. Es importante conocer el contenido nutricional de los forrajes principalmente de: Cenchrus ciliaris L., Megathyrsus maximus (Jacq.) B.K. Simon & S.W.L Jacobs Var. Guinea, Ixophorus unisetus (J. Presl) Schltdl y Megathyrsus maximus CV. Tanzania, ya que son ejemplares establecidos y utilizados con frecuencia en el Trópico para la alimentación animal. Los forrajes cuatro ejemplares fueron analizados en laboratorio de Nutrición Animal del Departamento de Zootecnia de la Universidad Autónoma Chapingo, se determinó: Materia seca (MS), Cenizas (Ce), Proteína bruta (PB), Extracto etéreo (EE), Fibra detergente neutro (FDN), Fibra detergente acido (FDA) y celulosa (CEL). Las muestras fueron colectadas en los potreros del Rancho “San Luis Tenango” ubicado en Tonaya, Jalisco. El análisis de las muestras se hizo con tres repeticiones por muestra, cada repetición se tomó como una unidad experimental. Se utilizaron las medias de cada una de las variables estudiadas y fueron analizadas mediante la prueba de Tukey (P=0.05), mostrando que existen diferencias estadísticamente significativas en casi todas las variables evaluadas. Megathyrsus maximus (Jacq.) B.K. Simon & S.W.L Jacobs Var. Guinea fue la especie forrajera con mayor cantidad de PC (12.95%), seguida por Megathyrsus maximus CV. Tanzania con 8.73% PC. Megathyrsus maximus (Jaq.) B.K. Simon & S.W.L. Jacobs Var. Guinea tiene un porcentaje de cenizas de 11.70 siendo la especie con mayor porcentaje de cenizas. Especie con menor cantidad FDN es Ixophorus unisetus (J. Presl) Schltdl. y con menor contenido de celulosa es Megathyrsus maximus (Jaq.) B.K. Simon & S.W.L. Jacobs Var. Guinea, las especies mencionadas son las más digestibles. | ||
| 650 | 4 |
_aGramíneas forrajeras _xValor nutritivo _9189292 |
|
| 650 | 4 |
_aMateria seca _xDigestibilidad _9133616 |
|
| 650 | 4 |
_aPlantas forrajeras _xComposición _988953 |
|
| 650 | 4 |
_aPlantas forrajeras _xProteínas _988978 |
|
| 700 | 1 |
_aMendoza Pedroza, Sergio Ibán _974719 _eDirector de tesis. |
|
| 700 | 1 |
_aSosa Montes, Eliseo _eSecretario. _9108816 |
|
| 700 | 1 |
_aRamírez Bribiesca, Jacinto Efrén _993897 _eVocal. |
|
| 700 | 0 |
_aGonzález Cerón, Fernando _948783 _eSuplente. |
|
| 700 | 1 |
_aMonzón Armenta, José Melquiades _978028 _eSuplente. |
|
| 856 |
_uhttp://10.13.5.2/tesis/tl/2021_ZO_Sanchez_Sanchez_ZairaSarahi.pdf _zDESCARGAR PDF |
||
| 942 |
_2Clasificación Universidad Autónoma Chapingo _cTD |
||
| 999 |
_c220043 _d220043 |
||